| 000 | 00000nas 2200000za 4500 |
| 001 | 9.821687 |
| 003 | CaOODSP |
| 005 | 20221107143522 |
| 007 | cr ||||||||||| |
| 008 | 160727d19791995onczr p o f0###a0eng|d |
| 022 | |y0015-3702 |
| 040 | |aCaOODSP|beng |
| 041 | |aeng|afre |
| 043 | |an-cn--- |
| 086 | 1 |aDC2-2-PDF |
| 245 | 00|aFlight comment |h[electronic resource] : |bthe flight safety digest of the Canadian Armed Forces = Propos de vol : bulletin de sécurité des vols des Forces armées canadiennes. |
| 246 | 11|aPropos de vol : |bbulletin de sécurité des vols des Forces armées canadiennes. |
| 260 | |aOttawa: |bNational Defence Headquarters, Directorate of Flight Safety, |c1979-1995. |
| 310 | |aSix times a year |
| 362 | 0 |aNo. 2 (1979)-no. 3 (1995). |
| 515 | |aNumbering begins each year with no 1. |
| 546 | |aText in English and French |
| 692 | 07|2gccst|aAviation |
| 710 | 1 |aCanada.|bDepartment of National Defence.|bDirectorate of Flight Safety. |
| 780 | 00|tFlight comment |w(CaOODSP)9.821664 |
| 785 | 00|tFlight comment |w(CaOODSP)9.505041 |
| 792 | |tFlight comment |efre|w(CaOODSP)9.821691 |